00682nam a2200193 a 450000100060000000300080000600500170001400800410003103500190007204000260009104100080011708200280012524501100015326000950026330000280035865000260038665000410041271000350045384811BD-RjUL20250415122358.0250415s1952 pk ||||| |||| 00| 0 eng d a(BD-RjUL)84811 aBD-RjULbengcBD-RjUL aeng 223a315.47103bCEN 1952 aCensus of Pakistan, 1951: bvillage list. [Punjab and Bahawalpur State] /cCensus Organization (Pakistan) aLahore :bOffice of the Provincial Superintendent of Census Punjab and Bahawalpur , c1952 aVarious paging;c25 cm. aPakistan Census, 1951 aBahāwalpur (Pakistan) Census, 1951 aCensus Organization (Pakistan)